000 00520nam a2200181Ia 4500
005 20240822050102.0
008 240331s9999 xx 000 0 und d
020 _a0312123167
082 _bPAR
_a427.95
100 _aParakrama,A
245 0 _aDe-hegemonizing language standards :
_blearning from (post)colonial englishes about 'english'
260 _aLondon
_bMacmillan Press Ltd
_c1995
300 _axxxvii, 216 p ., ( 2nd copy)
650 _aPolitics
650 _a Women
650 _aEnglish Lanuage
942 _cL
999 _c4417
_d4417